[Event "Reykjavik Open 2013"]
[Site "Reykjavik ISL"]
[Date "2013.02.22"]
[Round "5.43"]
[White "Leimeister, Winfried"]
[Black "Mamedjarova, Turkan"]
[Result "0-1"]
[BlackTitle "WGM"]
[WhiteElo "1909"]
[BlackElo "2280"]
[WhiteFideId "24653721"]
[BlackFideId "13402005"]
[EventDate "2013.02.19"]

1. d3 d5 2. Nf3 Nf6 3. Nbd2 c5 4. e4 Nc6 5. g3 Bg4 6. h3 Bh5 7. Bg2 Bg6 8. Nh4
dxe4 9. dxe4 e6 10. O-O Be7 11. Nxg6 hxg6 12. Nc4 O-O 13. Bf4 Qd4 14. Qe2 b5 15.
Ne3 Qxb2 16. e5 Nd4 17. Qd1 Rad8 18. exf6 Bxf6 19. Rb1 Qxa2 20. Ra1 Qxa1 21.
Qxa1 Ne2+ 22. Kh2 Bxa1 23. Rxa1 Nxf4 24. gxf4 Rd4 25. Rxa7 Rxf4 26. Rc7 Rxf2 27.
Kg3 Rd2 28. Rxc5 f5 29. Nf1 Rd4 30. Rxb5 Rc8 31. Rb2 Rdc4 0-1

[Event "Reykjavik Open 2013"]
[Site "Reykjavik ISL"]
[Date "2013.02.22"]
[Round "5.44"]
[White "Roberts, Lynda"]
[Black "Ekeberg, Carl Fredrik"]
[Result "0-1"]
[WhiteTitle "WC"]
[BlackTitle "FM"]
[WhiteElo "1903"]
[BlackElo "2274"]
[WhiteFideId "1800191"]
[BlackFideId "1502654"]
[EventDate "2013.02.19"]

1. e4 c5 2. Nc3 Nc6 3. g3 g6 4. Bg2 Bg7 5. d3 d6 6. Be3 Rb8 7. Qd2 b5 8. Nge2 b4
9. Nd1 Nd4 10. h3 e6 11. O-O Ne7 12. f4 f5 13. Nc1 O-O 14. c3 bxc3 15. bxc3 Ndc6
16. exf5 gxf5 17. Nb3 a5 18. Nb2 Nd5 19. Bxd5 exd5 20. d4 c4 21. Nc1 Bd7 22. Ne2
Re8 23. Rfb1 Qe7 24. Nd1 Qe4 25. Rxb8 Rxb8 26. Nf2 Qe8 27. Qc1 a4 28. Nd1 Qe4
29. Nf2 Qf3 30. Qd2 a3 31. Nd1 Be8 32. Kh2 Bh5 33. Ng1 Qf1 34. Rc1 Qd3 35. Qe1
Re8 36. g4 fxg4 37. hxg4 Bxg4 38. Nf2 Qg6 39. Nxg4 Qxg4 40. Nh3 Qf3 41. Ng5 Qxe3
42. Qh4 Qd2+ 43. Kg3 Re3+ 44. Kg4 Qe2+ 45. Kf5 Ne7# 0-1

[Event "Reykjavik Open 2013"]
[Site "Reykjavik ISL"]
[Date "2013.02.22"]
[Round "5.45"]
[White "Kashlinskaya, Alina"]
[Black "Marentini, Marcel"]
[Result "1-0"]
[WhiteTitle "WGM"]
[WhiteElo "2350"]
[BlackElo "2069"]
[WhiteFideId "4198026"]
[BlackFideId "1318730"]
[EventDate "2013.02.19"]

1. d4 d5 2. c4 e6 3. Nc3 Be7 4. cxd5 exd5 5. Bf4 c6 6. e3 Nf6 7. Bd3 Nbd7 8. h3
Nf8 9. Qc2 Ne6 10. Be5 a6 11. Nge2 c5 12. dxc5 Nxc5 13. O-O Be6 14. Rfd1 Rc8 15.
Bf5 b5 16. Bxf6 Bxf6 17. Nxd5 O-O 18. Nef4 Bxf5 19. Qxf5 Bxb2 20. Rab1 Na4 21.
Qxc8 Qxc8 22. Ne7+ Kh8 23. Nxc8 Rxc8 24. Rd6 Be5 25. Rxa6 Nc3 26. Rb3 Rd8 27.
Nd3 1-0

[Event "Reykjavik Open 2013"]
[Site "Reykjavik ISL"]
[Date "2013.02.22"]
[Round "5.47"]
[White "Gislason, Gudmundur"]
[Black "Doell, Detlef"]
[Result "1-0"]
[WhiteTitle "FM"]
[WhiteElo "2329"]
[BlackElo "2044"]
[WhiteFideId "2300559"]
[BlackFideId "4659449"]
[EventDate "2013.02.19"]

1. Nf3 Nf6 2. g3 g6 3. Bg2 Bg7 4. O-O O-O 5. d4 d6 6. Re1 Nbd7 7. e4 e5 8. c3 c6
9. h3 Re8 10. Qc2 a5 11. Nbd2 a4 12. Nc4 Qc7 13. Rd1 Bf8 14. dxe5 dxe5 15. Bg5
h6 16. Be3 b5 17. Ncd2 Nc5 18. b4 axb3 19. axb3 Be6 20. c4 bxc4 21. Nxc4 Bxc4
22. Qxc4 Ne6 23. Ne1 Nh5 24. Nd3 c5 25. Rdc1 Rxa1 26. Rxa1 Rc8 27. Ra6 Nf6 28.
f4 exf4 29. Nxf4 Nxf4 30. Bxf4 Qe7 31. e5 Nd7 32. e6 Nf6 33. Bd6 Qd8 34. exf7+
Kh7 35. Qe6 Bxd6 36. Rxd6 Qh8 37. Qxf6 1-0

[Event "Reykjavik Open 2013"]
[Site "Reykjavik ISL"]
[Date "2013.02.22"]
[Round "5.48"]
[White "Heerde, Thomas"]
[Black "Kvisvik, Brede"]
[Result "0-1"]
[BlackTitle "FM"]
[WhiteElo "2053"]
[BlackElo "2314"]
[WhiteFideId "12945684"]
[BlackFideId "1502999"]
[EventDate "2013.02.19"]

1. e4 c5 2. Nf3 d6 3. d3 Nc6 4. g3 g6 5. Bg2 Bg7 6. O-O e5 7. Nbd2 Nge7 8. c3
O-O 9. a3 a5 10. a4 h6 11. Nc4 Be6 12. Nfd2 f5 13. f4 exf4 14. gxf4 d5 15. Na3
fxe4 16. dxe4 d4 17. cxd4 Nxd4 18. Nb5 Nec6 19. Nxd4 Nxd4 20. Ra3 Kh7 21. Kh1
Qd7 22. Rg3 Rad8 23. Qe1 Bg4 24. Nf3 Bxf3 25. Bxf3 Nxf3 26. Rgxf3 Qxa4 27. Ra3
Qc4 28. Rxa5 Rde8 29. b3 Qd3 30. e5 Rxe5 31. Qd1 Qe4+ 32. Kg1 Rd5 33. Qf3 Bd4+
34. Kg2 Rg5+ 35. fxg5 Rxf3 36. Rxf3 Qe2+ 37. Kg3 Qe1+ 0-1

[Event "Reykjavik Open 2013"]
[Site "Reykjavik ISL"]
[Date "2013.02.22"]
[Round "5.49"]
[White "Haraldsson, Leif"]
[Black "Saduakassova, Dinara"]
[Result "0-1"]
[BlackTitle "WGM"]
[WhiteElo "2028"]
[BlackElo "2312"]
[WhiteFideId "1710648"]
[BlackFideId "13700090"]
[EventDate "2013.02.19"]

1. e4 e5 2. Qe2 Nc6 3. c3 g6 4. d3 Bg7 5. Nf3 Nge7 6. g4 d5 7. h3 Be6 8. Bg2 Qd7
9. Na3 O-O-O 10. Ng5 f5 11. Nxe6 Qxe6 12. exf5 gxf5 13. Bd2 Rhf8 14. O-O-O f4
15. Kb1 Qf6 16. Bf3 h6 17. Rhe1 Ng6 18. Bc1 Nh4 19. Nc2 Qg6 20. Ka1 Bf6 21. Na3
Bg5 22. Nb1 Nxf3 23. Qxf3 Rfe8 24. Nd2 e4 25. dxe4 dxe4 26. Qe2 f3 27. Qc4 Rd7
28. Nf1 Ne5 29. Qa4 Bxc1 30. Rxc1 Nd3 31. Rcd1 Qa6 32. Rxe4 Red8 33. Qc2 Nb4 0-1

[Event "Reykjavik Open 2013"]
[Site "Reykjavik ISL"]
[Date "2013.02.22"]
[Round "5.50"]
[White "Murray, Michael A."]
[Black "Andreasen, Per Naesby"]
[Result "0-1"]
[BlackTitle "FM"]
[WhiteElo "2017"]
[BlackElo "2302"]
[WhiteFideId "2609126"]
[BlackFideId "1400886"]
[EventDate "2013.02.19"]

1. e4 g6 2. Nc3 c6 3. f4 d5 4. e5 h5 5. Nf3 Nh6 6. d4 Bg4 7. Be2 e6 8. O-O Nf5
9. h3 Bxf3 10. Bxf3 c5 11. Ne2 cxd4 12. Qd3 Nc6 13. a3 Bc5 14. b4 Bb6 15. Bb2
Ne3 16. Rfb1 Nxc2 17. Ra2 Qh4 18. Kh2 Ne1 19. Qd2 Nxf3+ 20. gxf3 Qf2+ 21. Kh1
Qxf3+ 22. Kh2 Qf2+ 23. Kh1 Qe3 24. Qxe3 dxe3 25. Ba1 Kd7 26. a4 Rhc8 27. a5 Bd8
28. Nc3 Be7 29. b5 Nb4 30. Ra4 Rc4 31. Ne2 Rac8 32. a6 bxa6 33. bxa6 Nc2 34.
Rb7+ R8c7 35. Rxc4 dxc4 36. Bd4 Nxd4 37. Nxd4 Rxb7 38. axb7 Kc7 0-1

[Event "Reykjavik Open 2013"]
[Site "Reykjavik ISL"]
[Date "2013.02.22"]
[Round "5.51"]
[White "Prosviriakov, Vladimir"]
[Black "Michel, Steve"]
[Result "1-0"]
[WhiteTitle "IM"]
[WhiteElo "2297"]
[BlackElo "2008"]
[WhiteFideId "2004860"]
[BlackFideId "1015931"]
[EventDate "2013.02.19"]

1. e4 e6 2. d3 d5 3. Qe2 Be7 4. Nf3 Nf6 5. g3 O-O 6. Bg2 c5 7. O-O Nc6 8. e5 Ne8
9. c4 Nc7 10. Nc3 f6 11. exf6 Bxf6 12. Bf4 d4 13. Ne4 Be7 14. Bg5 e5 15. Bxe7
Qxe7 16. Nfd2 Ne6 17. Rae1 Bd7 18. Nf3 Ned8 19. h3 Nf7 20. a3 b6 21. Nh2 Rae8
22. Qd2 Nd6 23. Nxd6 Qxd6 24. Qe2 Nd8 25. Ng4 Nf7 26. Bd5 Kh8 27. Bxf7 Rxf7 28.
Nxe5 Rfe7 29. f4 Bxh3 30. Nf7+ Rxf7 31. Qxe8+ Rf8 32. Rf2 h6 33. Qe7 Qb8 34. b4
Bf5 35. bxc5 bxc5 36. Qxc5 Bxd3 37. Qxd4 Rd8 38. Qc3 Rd7 39. c5 Qc7 40. Rd2 Bb5
41. Re8+ Kh7 42. Qc2+ g6 43. Qc3 g5 44. Rh8+ Kg6 45. Rxh6+ Kxh6 46. Qf6+ 1-0

[Event "Reykjavik Open 2013"]
[Site "Reykjavik ISL"]
[Date "2013.02.22"]
[Round "5.53"]
[White "Tari, Aryan"]
[Black "Kleinert, Juergen"]
[Result "1-0"]
[WhiteElo "2263"]
[BlackElo "1991"]
[WhiteFideId "1510045"]
[BlackFideId "4659180"]
[EventDate "2013.02.19"]

1. e4 e5 2. Nf3 Nc6 3. Bc4 Bc5 4. b4 Bxb4 5. c3 Ba5 6. d4 exd4 7. O-O dxc3 8.
Qb3 Qe7 9. Nxc3 Bxc3 10. Qxc3 f6 11. e5 Qb4 12. Qd3 Nxe5 13. Nxe5 fxe5 14. Ba3
Qa5 15. Rab1 c6 16. Qd6 1-0

[Event "Reykjavik Open 2013"]
[Site "Reykjavik ISL"]
[Date "2013.02.22"]
[Round "5.54"]
[White "Karlsson, Mikael Johann"]
[Black "Borsos, Bogdan"]
[Result "1-0"]
[BlackTitle "IM"]
[WhiteElo "1990"]
[BlackElo "2260"]
[WhiteFideId "2305194"]
[BlackFideId "14100568"]
[EventDate "2013.02.19"]

1. c4 Nf6 2. g3 d5 3. cxd5 Nxd5 4. Bg2 g6 5. Nf3 Bg7 6. Nc3 O-O 7. O-O e5 8.
Nxd5 Qxd5 9. d3 Nc6 10. Bd2 h6 11. Bc3 Bg4 12. Nxe5 Qe6 13. Nxg4 Qxg4 14. Bxg7
Kxg7 15. e3 Qd7 16. Qb3 Rab8 17. Rac1 Kg8 18. Qc3 Rfc8 19. Bxc6 bxc6 20. d4 Rb6
21. b4 h5 22. h4 Ra6 23. a3 Re8 24. Qd3 Rb6 25. Rc5 Re6 26. Rfc1 a6 27. Qc3 Rd6
28. a4 Qh3 29. a5 Rb5 30. Rxb5 axb5 31. Qc5 Qc8 32. Kg2 Kh7 33. Qe5 Re6 34. Qf4
Kg7 35. Rc5 Rf6 36. Qe4 Re6 37. Qc2 Qa6 38. Qc3 Kh7 39. d5 cxd5 40. Rxc7 Rf6 41.
Qd4 Qe6 42. Qd3 Qe5 43. Rc2 Rf5 44. Qd4 Qe7 45. Rc8 Rf6 46. Rc5 Re6 47. Rxb5 Rc6
48. Qxd5 Rd6 49. Rb7 Rxd5 50. Rxe7 1-0

[Event "Reykjavik Open 2013"]
[Site "Reykjavik ISL"]
[Date "2013.02.22"]
[Round "5.55"]
[White "Thompson, Ian D"]
[Black "Sverrisson, Nokkvi"]
[Result "1/2-1/2"]
[WhiteTitle "FM"]
[WhiteElo "2260"]
[BlackElo "1990"]
[WhiteFideId "405205"]
[BlackFideId "2304376"]
[EventDate "2013.02.19"]

1. c4 e5 2. g3 Nf6 3. Bg2 d5 4. cxd5 Nxd5 5. Nf3 Nc6 6. O-O Nb6 7. d3 Be7 8.
Nbd2 Be6 9. b3 O-O 10. Bb2 f6 11. Rc1 Bd5 12. a3 a5 13. Nc4 Nxc4 14. bxc4 Be6
15. Qc2 Qc8 16. e3 Bh3 17. d4 Bxg2 18. Kxg2 exd4 19. exd4 Re8 20. d5 Nd8 21. c5
Nf7 22. Rfe1 Bf8 23. Bd4 Qd7 24. Rxe8 Rxe8 25. Qb3 Rd8 26. c6 Qxd5 27. Qxd5 Rxd5
28. cxb7 Rb5 29. Rxc7 Nd6 30. a4 Rxb7 31. Rc5 Ra7 32. Rd5 Ra6 33. Bc5 Ne4 34.
Bd4 Bb4 1/2-1/2

[Event "Reykjavik Open 2013"]
[Site "Reykjavik ISL"]
[Date "2013.02.22"]
[Round "5.56"]
[White "Schou-Moldt, Thomas"]
[Black "Karlsson, Robin"]
[Result "1-0"]
[WhiteElo "2236"]
[BlackElo "1980"]
[WhiteFideId "1401297"]
[BlackFideId "1719637"]
[EventDate "2013.02.19"]

1. d4 Nf6 2. Nf3 g6 3. g3 Bg7 4. Bg2 O-O 5. c4 d6 6. Nc3 Nc6 7. O-O a6 8. h3 Rb8
9. e4 b5 10. cxb5 axb5 11. d5 Na5 12. b4 Nc4 13. Nd4 Bd7 14. a4 bxa4 15. b5 e6
16. Rxa4 Nb6 17. Rb4 exd5 18. exd5 Nfxd5 19. Bxd5 Nxd5 20. Nxd5 c5 21. bxc6 Rxb4
22. Nxb4 1-0

[Event "Reykjavik Open 2013"]
[Site "Reykjavik ISL"]
[Date "2013.02.22"]
[Round "5.57"]
[White "Johannesson, Oliver"]
[Black "Bird, Andrew"]
[Result "0-1"]
[WhiteElo "1988"]
[BlackElo "2223"]
[WhiteFideId "2305623"]
[BlackFideId "3204502"]
[EventDate "2013.02.19"]

1. d4 d5 2. c4 c6 3. Nf3 Nf6 4. Nc3 a6 5. c5 Bf5 6. Bf4 Nbd7 7. e3 Nh5 8. Be5
Nhf6 9. Bd3 Bxd3 10. Qxd3 Nxe5 11. dxe5 Nd7 12. e6 fxe6 13. Ng5 Nxc5 14. Qc2 Qd6
15. b4 Nd7 16. O-O g6 17. Rad1 Bg7 18. Nce4 Qe5 19. f4 Qf5 20. Qd2 h5 21. Ng3
Qf6 22. Nf3 O-O 23. Ne1 Qc3 24. Qe2 Kh7 25. Nd3 a5 26. e4 Qf6 27. e5 Qh4 28. Nh1
axb4 29. Rf3 Qg4 30. Nhf2 Qf5 31. g4 Qf7 32. Rf1 Qg8 33. Kh1 Ra3 34. Nd1 Kh8 35.
f5 gxf5 36. gxf5 Rxf5 37. Rxf5 exf5 38. e6 Nf8 39. Nf4 Qh7 40. Rg1 Ra8 41. Nf2
b3 42. Nxh5 bxa2 43. Rxg7 Qxg7 0-1

[Event "Reykjavik Open 2013"]
[Site "Reykjavik ISL"]
[Date "2013.02.22"]
[Round "5.58"]
[White "Van Weersel, Arlette"]
[Black "Thorsteinsdottir, Hallgerdur"]
[Result "0-1"]
[WhiteTitle "WIM"]
[WhiteElo "2211"]
[BlackElo "1960"]
[WhiteFideId "1009877"]
[BlackFideId "2302454"]
[EventDate "2013.02.19"]

1. e4 c6 2. d4 d5 3. exd5 cxd5 4. Nf3 Nc6 5. c3 Bg4 6. h3 Bh5 7. Bd3 e6 8. O-O
Nf6 9. Bf4 Be7 10. Nbd2 O-O 11. Bc2 Bg6 12. Ne5 Nxe5 13. dxe5 Nd7 14. Rc1 Nc5
15. Bxg6 hxg6 16. Be3 b5 17. Nf3 Ne4 18. Nd4 Qd7 19. Qe2 b4 20. cxb4 Bxb4 21.
Rcd1 Qc7 22. Bf4 Be7 23. f3 Nc5 24. Rc1 Qb7 25. Be3 a6 26. Rc2 Rfc8 27. Rfc1
Rab8 28. a3 a5 29. Qd2 a4 30. Qa5 Nd3 31. Rxc8+ Rxc8 32. Rxc8+ Qxc8 33. Qb5 Nxe5
34. Qxa4 Nc4 35. Nc6 Bf6 36. Bc1 Ne5 37. b4 Qxc6 38. Qxc6 Nxc6 39. Kf1 Kf8 40.
b5 Na5 41. a4 Nc4 42. Bf4 Bd8 43. Bc1 Ke7 44. Ke2 Kd6 45. Kd3 Kc5 46. Kc3 Ba5+
47. Kb3 Bd2 0-1

[Event "Reykjavik Open 2013"]
[Site "Reykjavik ISL"]
[Date "2013.02.22"]
[Round "5.59"]
[White "Ragnarsson, Dagur"]
[Black "Frisk, Ellinor"]
[Result "0-1"]
[BlackTitle "WF"]
[WhiteElo "1961"]
[BlackElo "2197"]
[WhiteFideId "2304058"]
[BlackFideId "1708481"]
[EventDate "2013.02.19"]

1. c4 e5 2. g3 c6 3. d4 e4 4. Nc3 d5 5. Bg2 Bb4 6. f3 Nf6 7. Bf4 O-O 8. e3 Re8
9. Qb3 Ba5 10. O-O-O dxc4 11. Qc2 Bxc3 12. bxc3 Bf5 13. Qb2 b5 14. h4 exf3 15.
Bxf3 Nd5 16. g4 Bd3 17. Bxd5 Qxd5 18. Nh3 Be4 19. Rhg1 a5 20. g5 Na6 21. Be5 b4
22. Nf4 bxc3 23. Qxc3 Qb5 24. Bxg7 Nb4 25. Rd2 Nxa2+ 26. Rxa2 Qb1+ 27. Kd2 Qxa2+
28. Ke1 Rab8 29. Ne2 Rb3 30. Qxc4 Rb1+ 31. Kf2 Qxc4 32. Rxb1 Bxb1 0-1

[Event "Reykjavik Open 2013"]
[Site "Reykjavik ISL"]
[Date "2013.02.22"]
[Round "5.60"]
[White "Birgisson, Ingvar Orn"]
[Black "Halldorsson, Bragi"]
[Result "1/2-1/2"]
[WhiteElo "1953"]
[BlackElo "2180"]
[WhiteFideId "2301407"]
[BlackFideId "2300907"]
[EventDate "2013.02.19"]

1. e4 c6 2. d4 d5 3. exd5 cxd5 4. Bd3 Nf6 5. c3 Nc6 6. Bf4 Bg4 7. Qb3 Na5 8.
Qa4+ Bd7 9. Qc2 Rc8 10. Nf3 Nc6 11. Qb3 Na5 12. Qc2 a6 13. a4 Bg4 14. Nbd2 Bh5
15. O-O Bg6 16. Bxg6 hxg6 17. Rfe1 Nc6 18. Qb3 b6 19. Ne5 e6 20. Ndf3 Nxe5 21.
Nxe5 Nh5 22. Bg3 Nxg3 23. hxg3 Rh6 24. Ng4 Rh5 25. Ne5 Be7 26. Qc2 Bd6 27. Nxg6
Qf6 28. Nh4 g5 29. Nf3 Ke7 30. g4 Rh6 31. Qd3 Rch8 32. g3 Rh1+ 33. Kg2 Rxe1 34.
Rxe1 Qh6 35. Kf1 Qh3+ 36. Ke2 Qxg4 37. Kd2 b5 38. axb5 axb5 39. Ne5 Bxe5 40.
Rxe5 Rh1 41. Qe2 Qxe2+ 42. Rxe2 Kf6 43. g4 Rg1 44. f3 Rf1 45. Ke3 b4 46. cxb4
Rc1 47. Kd3 Rc4 48. b3 Rxb4 49. Kc3 Rb8 50. Re5 Rh8 51. Re3 Ke7 52. b4 Rc8+ 53.
Kb3 Rc4 54. Rd3 Kd6 55. Ka4 f6 56. Ka5 e5 57. dxe5+ fxe5 58. b5 d4 59. Ka6 Kc5
60. Rb3 Ra4+ 61. Kb7 Rb4 62. Rxb4 Kxb4 63. b6 d3 64. Kc8 d2 65. b7 d1=Q 66.
b8=Q+ Kc4 67. Qc7+ Kd3 68. Qd6+ Ke2 69. Qxe5+ Kxf3 70. Qxg5 Qc2+ 71. Kd7 Qd3+
72. Ke6 Qe4+ 1/2-1/2

[Event "Reykjavik Open 2013"]
[Site "Reykjavik ISL"]
[Date "2013.02.22"]
[Round "5.61"]
[White "Johannsson, Orn Leo"]
[Black "Ornolfsson, Magnus P."]
[Result "0-1"]
[WhiteElo "1953"]
[BlackElo "2169"]
[WhiteFideId "2303051"]
[BlackFideId "2301016"]
[EventDate "2013.02.19"]

1. d4 Nf6 2. Nf3 c5 3. e3 e6 4. Be2 d5 5. O-O Nc6 6. dxc5 Bxc5 7. b3 O-O 8. Bb2
Qe7 9. c4 dxc4 10. Bxc4 e5 11. Nc3 Rd8 12. Qc1 Bg4 13. Ng5 Bh5 14. Nge4 Nxe4 15.
Nxe4 Bb6 16. Ng3 Bg6 17. Rd1 Rxd1+ 18. Qxd1 Rd8 19. Qe1 Qd6 20. Bc3 h5 21. h3 h4
22. Nf1 e4 23. b4 Ne5 24. Bxe5 Qxe5 25. Rd1 Rc8 26. Bb3 Rd8 27. Rxd8+ Bxd8 28.
Qd2 Bc7 29. Qd5 Qe7 30. Qc5 Qxc5 31. bxc5 b6 32. cxb6 axb6 33. Nd2 Kf8 34. Kf1
Ke7 35. Nc4 f6 36. Na3 Be8 37. Bd5 f5 38. f3 exf3 39. gxf3 g5 40. Bc4 Bc6 41.
Nb5 Be5 42. Kf2 g4 43. f4 g3+ 44. Kf1 Bb2 45. Nd4 Bxd4 46. exd4 Kd6 47. a3 Bd5
48. Bd3 Be6 49. Bc2 Bd7 50. Bb3 Bb5+ 51. Kg1 Bd3 52. Kg2 Be4+ 53. Kg1 Kc6 54.
Kf1 b5 55. Be6 Kd6 56. d5 Bxd5 57. Bxf5 Be6 58. Bg4 Ke7 59. Kg2 Bd5+ 60. Kg1 Kf6
61. Be2 Bc4 62. Bg4 Bd3 63. Kg2 Be4+ 64. Kg1 Bc6 65. Bc8 Ke7 66. Bg4 Kd6 67. Be2
Ke7 68. Bg4 Kd6 69. Be2 Kd5 70. f5 Ke5 71. Bd3 Bd7 72. Kg2 Be8 73. Kg1 Kd4 74.
Be2 Kc5 75. f6 Bf7 76. Bf1 b4 77. axb4+ Kxb4 78. Bg2 Kc5 79. Bf1 Kd6 80. Bg2 Ke5
81. Bf1 Kxf6 82. Bg2 Ke5 83. Bf1 Bd5 84. Be2 Kf4 85. Bg4 Be4 86. Be2 Ke3 87. Bg4
Kf4 88. Be2 Bf5 89. Kg2 Ke3 90. Bh5 Bxh3+ 91. Kg1 Kf4 92. Be2 Bg4 93. Bf1 h3 0-1

[Event "Reykjavik Open 2013"]
[Site "Reykjavik ISL"]
[Date "2013.02.22"]
[Round "5.62"]
[White "Jensen, Soren3"]
[Black "Thorhallsson, Gylfi"]
[Result "0-1"]
[WhiteElo "1909"]
[BlackElo "2141"]
[WhiteFideId "1421204"]
[BlackFideId "2300800"]
[EventDate "2013.02.19"]

1. e4 e6 2. d4 d5 3. Nc3 Nf6 4. Bg5 Be7 5. e5 Nfd7 6. Bxe7 Qxe7 7. Qg4 O-O 8.
Bd3 c5 9. Nf3 f5 10. Qf4 a6 11. h4 Nc6 12. a3 cxd4 13. Ne2 Nc5 14. Nexd4 Bd7 15.
O-O Rac8 16. Rac1 b5 17. Kh2 Rc7 18. Rg1 Rfc8 19. Be2 Ne4 20. Nxc6 Rxc6 21. Nd4
R6c7 22. c3 h6 23. g3 Rf8 24. Qe3 f4 25. Qd3 Nxf2 26. Qg6 Ne4 27. Bd3 fxg3+ 28.
Kh3 Rf4 29. Rxg3 Qxh4+ 0-1

[Event "Reykjavik Open 2013"]
[Site "Reykjavik ISL"]
[Date "2013.02.22"]
[Round "5.63"]
[White "Bjerke, Richard"]
[Black "Merkesvik, Sondre"]
[Result "1-0"]
[WhiteTitle "FM"]
[WhiteElo "2131"]
[BlackElo "1903"]
[WhiteFideId "1500252"]
[BlackFideId "1514350"]
[EventDate "2013.02.19"]

1. e4 Nf6 2. e5 Nd5 3. d4 d6 4. Nf3 Nc6 5. exd6 exd6 6. Be2 Be7 7. O-O O-O 8. c4
Nb6 9. h3 Bf6 10. Nc3 Bf5 11. Bf4 Bg6 12. Qd2 a6 13. Rac1 d5 14. cxd5 Nxd5 15.
Nxd5 Qxd5 16. Rc5 Qxa2 17. Bxc7 Rac8 18. Bd6 Rfd8 19. Bc4 Qa4 20. b3 Qa3 21.
Rxc6 1-0

[Event "Reykjavik Open 2013"]
[Site "Reykjavik ISL"]
[Date "2013.02.22"]
[Round "5.65"]
[White "Jablon, Stephen"]
[Black "Bergthorsson, Jon Thor"]
[Result "0-1"]
[WhiteElo "1896"]
[BlackElo "2125"]
[WhiteFideId "2019833"]
[BlackFideId "2302829"]
[EventDate "2013.02.19"]

1. d4 d5 2. Nf3 Nf6 3. c3 e6 4. Bf4 Be7 5. e3 O-O 6. Bd3 c5 7. O-O Qb6 8. Qc2
Bd7 9. Ne5 Rc8 10. Nd2 Be8 11. Rfe1 h6 12. g4 Nfd7 13. Ndf3 Nxe5 14. Nxe5 Nc6
15. Qe2 Nxe5 16. Bxe5 f6 17. Bg3 Bd6 18. f4 Qc7 19. Rad1 Bf7 20. Bb1 Re8 21. Qd3
g6 22. Rf1 f5 23. h3 Kg7 24. Rd2 a6 25. Rg2 Kh7 26. Bh4 c4 27. Qd2 Be7 28. Qf2
b5 29. Kh1 a5 30. Rfg1 Rg8 31. Bxe7 Qxe7 32. h4 Kh8 33. h5 gxh5 34. gxf5 exf5
35. Bxf5 b4 36. Bg6 Bxg6 37. Rxg6 Qe4+ 38. R6g2 Rg4 39. Kh2 Rag8 40. Rg3 Qf5 41.
R3g2 R8g6 42. Rxg4 hxg4 43. Qh4 h5 44. Qd8+ Kh7 45. Qe7+ Rg7 46. Qe5 Qg6 47. f5
Qg5 48. f6 Qh4+ 49. Kg2 Qh3+ 50. Kf2 Rf7 51. Qf5+ Kh6 52. Rf1 g3+ 53. Ke1 Qxf5
54. Rxf5 Kg6 55. Rf3 h4 56. cxb4 axb4 57. a4 c3 58. bxc3 b3 59. Rf1 Rxf6 60. Rg1
Rf2 61. c4 b2 0-1

[Event "Reykjavik Open 2013"]
[Site "Reykjavik ISL"]
[Date "2013.02.22"]
[Round "5.66"]
[White "Van Heirzeele, Daniel"]
[Black "Klug, Christian"]
[Result "1/2-1/2"]
[WhiteElo "2125"]
[BlackElo "1894"]
[WhiteFideId "200425"]
[BlackFideId "24621722"]
[EventDate "2013.02.19"]

1. d4 Nf6 2. c4 g6 3. Nc3 d5 4. Nf3 Bg7 5. Qb3 dxc4 6. Qxc4 O-O 7. e4 c6 8. Be2
Nbd7 9. e5 Nb6 10. exf6 Nxc4 11. fxg7 Kxg7 12. Bxc4 Bg4 13. Be3 Bxf3 14. gxf3
Qa5 15. O-O-O Qf5 16. f4 Rfd8 17. h4 a5 18. h5 a4 19. Bd3 Qa5 20. a3 e6 21. Ne4
Rd5 22. hxg6 hxg6 23. Ng5 Rf8 24. Rh7+ Kf6 25. Ne4+ Ke7 26. Bd2 Qc7 27. Bb4+ c5
28. Bxc5+ Rxc5+ 29. dxc5 Qxf4+ 30. Kb1 b6 31. Bc2 bxc5 32. Nxc5 Rd8 33. Rxd8
Kxd8 34. Nd3 Qf5 35. Rh4 e5 36. f4 e4 37. Nf2 Qf6 38. Rh1 1/2-1/2

[Event "Reykjavik Open 2013"]
[Site "Reykjavik ISL"]
[Date "2013.02.22"]
[Round "5.68"]
[White "Palsson, Halldor"]
[Black "Finnbogadottir, Tinna Kristin"]
[Result "0-1"]
[WhiteElo "2078"]
[BlackElo "1871"]
[WhiteFideId "2301202"]
[BlackFideId "2300214"]
[EventDate "2013.02.19"]

1. e4 c5 2. d3 g6 3. g3 Bg7 4. Bg2 Nc6 5. h4 h5 6. Nh3 d6 7. O-O Bd7 8. Nc3 Qc8
9. Nf4 Nf6 10. Ncd5 Nxd5 11. Nxd5 Ne5 12. Bg5 f6 13. Bd2 g5 14. hxg5 h4 15. f3
hxg3 16. gxf6 Bxf6 17. Nxf6+ exf6 18. Qe1 Rg8 19. f4 Ng6 20. Qxg3 Ne7 21. Qh2
Bh3 22. Rf2 Qg4 23. Kf1 Rh8 24. Bxh3 Rxh3 25. Qg2 Qh5 26. Ke1 O-O-O 27. Bc3 Rg8
28. Qxg8+ Nxg8 29. Kd2 Nh6 30. Raf1 Ng4 31. Re2 Rh2 32. Re1 Qh6 33. Rxh2 Qxf4+
34. Kd1 Qxh2 35. Kc1 Kd7 36. b3 Kc6 37. a4 Qf2 38. Bd2 Nh2 39. Bc3 Nf1 40. Rd1
d5 41. exd5+ Kxd5 42. Kb2 f5 43. Ra1 Ne3 44. Rc1 f4 45. Be1 Qe2 46. Bh4 f3 0-1

[Event "Reykjavik Open 2013"]
[Site "Reykjavik ISL"]
[Date "2013.02.22"]
[Round "5.69"]
[White "Frick, Renato"]
[Black "Hardarson, Jon Trausti"]
[Result "0-1"]
[WhiteElo "2075"]
[BlackElo "1853"]
[WhiteFideId "12000027"]
[BlackFideId "2302594"]
[EventDate "2013.02.19"]

1. e4 c5 2. Nf3 d6 3. d4 cxd4 4. Nxd4 Nf6 5. Nc3 g6 6. Be3 Bg7 7. f3 O-O 8. Qd2
Nc6 9. g4 Be6 10. Be2 Nxd4 11. Bxd4 Qa5 12. h4 Rfc8 13. h5 Rab8 14. h6 Bh8 15.
g5 Nd7 16. Bxh8 Kxh8 17. Qd4+ Qe5 18. O-O-O Qxd4 19. Rxd4 f6 20. Bb5 fxg5 21.
Nd5 Bxd5 22. Bxd7 Rc7 23. Rxd5 Rxd7 24. e5 Kg8 25. Rhd1 Rbd8 26. c4 b6 27. b4
Kf7 28. c5 bxc5 29. bxc5 Ke6 30. Kb2 dxc5 0-1

[Event "Reykjavik Open 2013"]
[Site "Reykjavik ISL"]
[Date "2013.02.22"]
[Round "5.70"]
[White "Jonsson, Olafur Gisli"]
[Black "Christiansen, Johan-Sebastian"]
[Result "0-1"]
[WhiteElo "1870"]
[BlackElo "2071"]
[WhiteFideId "2302705"]
[BlackFideId "1512668"]
[EventDate "2013.02.19"]

1. d4 Nf6 2. Nf3 g6 3. c4 c5 4. d5 b5 5. Qc2 bxc4 6. e4 Bg7 7. Bxc4 d6 8. O-O
O-O 9. Nc3 Ba6 10. Nb5 Ne8 11. Bd2 Qb6 12. a4 Nc7 13. Qd3 Nxb5 14. axb5 Bc8 15.
Bc3 Nd7 16. Bxg7 Kxg7 17. Qc3+ f6 18. Nd2 Ne5 19. Be2 a5 20. Kh1 g5 21. f4 gxf4
22. Rxf4 Bd7 23. Qe3 Bxb5 24. Bh5 Be8 25. Qh3 Qxb2 26. Rd1 Bg6 27. Nf1 a4 28.
Ng3 a3 29. Rh4 Rh8 30. Nf5+ Bxf5 31. exf5 a2 32. Rd3 Qb1+ 33. Bd1 Qxd3 0-1